[Event "SR 2. liga A 2003/2004"]
[Site "?"]
[Date "2004.01.25"]
[Round "7.5"]
[White "Mikulas, Dusan"]
[Black "Breja, Stanislav"]
[Result "1-0"]
[WhiteElo "2123"]
[BlackElo "2121"]
[PlyCount "31"]
[EventDate "2003.??.??"]

1. e4 e5 2. Nf3 Nf6 3. Nc3 Bb4 4. Nxe5 Qe7 5. Nf3 Bxc3 6. dxc3 Qxe4+ 7. Be2 O-O
8. O-O d6 9. Bd3 Qc6 10. Bg5 Bg4 11. Bxf6 Bxf3 12. gxf3 gxf6 13. Be4 Qb5 14. a4
Qb6 15. Qd2 Kh8 16. Qh6 1-0

[Event "SR 2. liga A 2003/2004"]
[Site "?"]
[Date "2004.01.25"]
[Round "7.5"]
[White "Rohackova, Veronika"]
[Black "Nicolini, Alexander"]
[Result "1/2-1/2"]
[WhiteElo "2055"]
[BlackElo "2123"]
[PlyCount "95"]
[EventDate "2003.??.??"]

1. e4 c6 2. d4 d5 3. exd5 cxd5 4. Bd3 Nc6 5. c3 g6 6. h3 Bg7 7. Nf3 Nh6 8. Bf4
O-O 9. Qc1 Nf5 10. O-O Re8 11. Re1 Nd6 12. Ne5 Bf5 13. Bxf5 Nxf5 14. Nd2 Rc8
15. Qd1 Nxe5 16. Bxe5 Bf8 17. Qb3 Qd7 18. Re2 Rc6 19. Rae1 Rec8 20. Nf3 Ra6 21.
a3 b5 22. Bf4 e6 23. Ne5 Qb7 24. Ng4 Nd6 25. Be5 Ne8 26. Qc2 Qe7 27. Qd3 h5 28.
Nh2 Rb6 29. Re3 Bg7 30. Bxg7 Nxg7 31. Re5 Qf6 32. Qd2 a5 33. Nf3 b4 34. cxb4
axb4 35. R5e3 Qf4 36. Rc3 Qb8 37. Rxc8+ Qxc8 38. Rc1 Qb7 39. a4 b3 40. a5 Rb5
41. Ne5 Nf5 42. Nc6 Nd6 43. Qg5 Nc4 44. Qd8+ Kg7 45. Ne5 Qb8 46. Qe7 Rb7 47.
Nd7 Qf4 48. Rc3 1/2-1/2

[Event "SR 2. liga A 2003/2004"]
[Site "?"]
[Date "2004.01.25"]
[Round "7.6"]
[White "Doucha, Ludvik"]
[Black "Bury, Rastislav"]
[Result "1-0"]
[WhiteElo "2122"]
[BlackElo "2057"]
[PlyCount "71"]
[EventDate "2003.??.??"]

1. e4 e5 2. Nf3 Nc6 3. Bb5 a6 4. Ba4 Nf6 5. O-O Be7 6. Bxc6 dxc6 7. Qe1 Bd6 8.
d3 Bg4 9. Nbd2 Qe7 10. Kh1 O-O-O 11. Qe3 Kb8 12. Nb3 h6 13. Bd2 g5 14. Bc3 c5
15. Na5 Nh5 16. a3 Nf4 17. Rfb1 c4 18. d4 Bxf3 19. Qxf3 g4 20. Qe3 exd4 21.
Bxd4 Rhe8 22. Re1 c5 23. Bc3 Ng6 24. Nxc4 Bf4 25. Qe2 f5 26. e5 b5 27. Na5 Qc7
28. e6 Bxh2 29. g3 h5 30. Kxh2 h4 31. Be5 Nxe5 32. Qxe5 hxg3+ 33. Kxg3 Rd6 34.
e7 Rxe7 35. Qxe7 Rd3+ 36. Kg2 {time} 1-0

[Event "SR 2. liga A 2003/2004"]
[Site "?"]
[Date "2004.01.25"]
[Round "7.6"]
[White "Hertel, Ondrej"]
[Black "Mandak, Miroslav"]
[Result "0-1"]
[WhiteElo "1853"]
[BlackElo "2084"]
[PlyCount "92"]
[EventDate "2003.??.??"]

1. d4 Nf6 2. c4 e6 3. Nf3 b6 4. Bg5 Bb7 5. Nc3 Be7 6. e3 d6 7. Bd3 Nbd7 8. O-O
O-O 9. Nd2 c5 10. Rc1 Ne8 11. Bxe7 Qxe7 12. Be4 Bxe4 13. Ndxe4 f5 14. Nd2 Nef6
15. Qc2 g6 16. a3 Nh5 17. dxc5 dxc5 18. Nf3 Nhf6 19. Rfe1 Ng4 20. h3 Nge5 21.
Nxe5 Nxe5 22. b3 Rad8 23. Rcd1 Nc6 24. Re2 Rxd1+ 25. Qxd1 Rd8 26. Rd2 Rxd2 27.
Qxd2 Na5 28. Qd1 Kf7 29. Ne2 Nc6 30. Kf1 Qc7 31. Kg1 Ke7 32. g3 Qe5 33. a4 Qb2
34. Nc1 Qb1 35. Kf1 Ne5 36. Ke2 Qe4 37. h4 Qf3+ 38. Ke1 Qe4 39. Ke2 Qg4+ 40.
Ke1 Nf3+ 41. Ke2 Nxh4+ 42. Kd2 Nf3+ 43. Kc2 Qe4+ 44. Kb2 Ne5 45. Ka2 Nc6 46.
Nd3 Qxd3 0-1

[Event "SR 2. liga A 2003/2004"]
[Site "?"]
[Date "2004.01.25"]
[Round "7.6"]
[White "Kasanicky, Robert"]
[Black "Hanzluvka, Peter"]
[Result "1-0"]
[WhiteElo "1986"]
[BlackElo "2071"]
[PlyCount "135"]
[EventDate "2003.??.??"]

1. e4 c5 2. Nc3 Nc6 3. g3 g6 4. Bg2 Bg7 5. d3 e6 6. Be3 d6 7. Qd2 Rb8 8. Nf3
Nd4 9. O-O Ne7 10. Bh6 O-O 11. Nxd4 cxd4 12. Ne2 Nc6 13. Bxg7 Kxg7 14. c3 dxc3
15. Qxc3+ e5 16. d4 f6 17. Rac1 Qb6 18. Rfd1 Bg4 19. f3 exd4 20. Nxd4 Rbc8 21.
Qb3 Qxb3 22. Nxb3 Be6 23. Rxd6 Bxb3 24. axb3 Ne5 25. Rcd1 Rc2 26. R1d2 Rfc8 27.
f4 Rxd2 28. Rxd2 Rc1+ 29. Kf2 Ng4+ 30. Ke2 Rc7 31. h3 Nh6 32. Ke3 Nf7 33. Bf1
g5 34. Bc4 h6 35. Bd5 Kf8 36. Kd3 Ke7 37. Rc2 Rxc2 38. Kxc2 Nd6 39. Kc3 b6 40.
Kb4 Kd7 41. Kc3 Nc8 42. Kd4 Ne7 43. Bf7 Nc6+ 44. Kc4 Kd6 45. b4 Ne7 46. b5 Nc8
47. Kd4 Ke7 48. Bc4 Nd6 49. Kd5 Nb7 50. b4 Nd6 51. Bd3 Kd7 52. e5 fxe5 53. fxe5
Ne8 54. Bc4 Ng7 55. Ke4 Ke7 56. h4 Nh5 57. Kf3 gxh4 58. gxh4 Ng7 59. Kf4 Kd7
60. Ke4 Ke7 61. Be2 Ne6 62. Bg4 Nc7 63. Be2 Ne6 64. Bc4 Ng7 65. Bb3 Kd7 66. Kd5
Nf5 67. e6+ Ke7 68. h5 1-0

[Event "SR 2. liga A 2003/2004"]
[Site "?"]
[Date "2004.01.25"]
[Round "7.6"]
[White "Pacher, Milan"]
[Black "Hefka, Vladimir"]
[Result "0-1"]
[WhiteElo "2057"]
[BlackElo "2001"]
[PlyCount "76"]
[EventDate "2003.??.??"]

1. d4 Nf6 2. c4 g6 3. g3 Bg7 4. Bg2 O-O 5. Nc3 d6 6. Nf3 c5 7. d5 Nbd7 8. O-O
Rb8 9. e4 a6 10. a4 Ne8 11. Nd2 b6 12. Ndb1 Nc7 13. Na3 Re8 14. Be3 Nf8 15. Re1
Bd7 16. Bf1 Qc8 17. Qd2 Bh3 18. Rab1 Bxf1 19. Rxf1 Qh3 20. b4 Nd7 21. a5 cxb4
22. Rxb4 bxa5 23. Rxb8 Rxb8 24. Nd1 Ne5 25. f3 Rb4 26. c5 Nb5 27. Nc2 Nc4 28.
Qd3 Nxe3 29. Ndxe3 Rb2 30. c6 Bd4 31. Rc1 Bxe3+ 32. Qxe3 a4 33. Qb6 a3 34. Qd8+
Kg7 35. c7 Nd4 36. Kf2 Qxh2+ 37. Ke3 Nxc2+ 38. Rxc2 Rxc2 0-1

[Event "SR 2. liga A 2003/2004"]
[Site "?"]
[Date "2004.01.25"]
[Round "7.6"]
[White "Sekera, Branislav"]
[Black "Gono, Pavol"]
[Result "1-0"]
[WhiteElo "2122"]
[BlackElo "1910"]
[PlyCount "71"]
[EventDate "2003.??.??"]

1. d4 c6 2. Nf3 d5 3. c4 Nf6 4. Bg5 Ne4 5. Bd2 Nd7 6. Nc3 Ndf6 7. Ne5 e6 8.
Nxe4 Nxe4 9. Bc3 Be7 10. e3 O-O 11. Bd3 Nxc3 12. bxc3 dxc4 13. Bxc4 Qc7 14. Bd3
b5 15. Qc2 f5 16. O-O Bd7 17. Rab1 a6 18. c4 b4 19. c5 a5 20. f4 g6 21. Bc4 Bf6
22. Rf3 Kg7 23. Rh3 g5 24. Rf1 Rh8 25. Qe2 Bxe5 26. fxe5 g4 27. Rg3 h5 28. e4
Rh6 29. exf5 exf5 30. e6 Bxe6 31. Bxe6 Re8 32. Re3 Qe7 33. Re1 Qg5 34. Bd7 Rxe3
35. Qxe3 Qf6 36. Qe7+ 1-0

[Event "SR 2. liga A 2003/2004"]
[Site "?"]
[Date "2004.01.25"]
[Round "7.6"]
[White "Syrovy, Ivan"]
[Black "Sabolik, Frantisek"]
[Result "1/2-1/2"]
[WhiteElo "2067"]
[BlackElo "2123"]
[PlyCount "105"]
[EventDate "2003.??.??"]

1. e4 d6 2. d4 g6 3. f4 Bg7 4. Nf3 c6 5. Bd3 Bg4 6. c3 Nh6 7. h3 Bxf3 8. Qxf3
e6 9. Nd2 f5 10. O-O O-O 11. e5 d5 12. Qe2 Nd7 13. Nf3 c5 14. c4 Re8 15. Be3 b6
16. cxd5 exd5 17. Bb5 Bf8 18. Bc6 Rc8 19. Bxd5+ Kh8 20. Bc4 cxd4 21. Bxd4 Bc5
22. Rfd1 Qe7 23. Bb5 Red8 24. Kh1 Bxd4 25. Nxd4 Nc5 26. Nc6 Rxd1+ 27. Rxd1 Qh4
28. Qf3 Ne4 29. Kg1 g5 30. fxg5 Nxg5 31. Qc3 Ne4 32. Qd4 Ng8 33. e6+ Ngf6 34.
e7 Rg8 35. Bf1 Re8 36. Bd3 Qg5 37. Rf1 Ng3 38. Re1 Nge4 39. Rf1 Ng3 40. Re1
Nge4 41. Bxe4 fxe4 42. Qd6 Rg8 43. Re2 Nd5 44. h4 Qh5 45. Rxe4 Qf3 46. Qe5+ Nf6
47. g4 Rxg4+ 48. Rxg4 Qxg4+ 49. Kf2 Qxh4+ 50. Ke3 Qh3+ 51. Kf2 Qh4+ 52. Kg2
Qg4+ 53. Kf2 1/2-1/2

[Event "SR 2. liga A 2003/2004"]
[Site "?"]
[Date "2004.01.25"]
[Round "7.7"]
[White "Hecht, Tomas"]
[Black "Hanes, Mojmir"]
[Result "1/2-1/2"]
[WhiteElo "2034"]
[BlackElo "2045"]
[PlyCount "88"]
[EventDate "2003.??.??"]

1. e4 e5 2. Nf3 Nc6 3. d4 exd4 4. c3 Nf6 5. e5 Nd5 6. cxd4 Bb4+ 7. Bd2 Bxd2+ 8.
Nbxd2 d6 9. Bb5 O-O 10. O-O Nce7 11. Bd3 dxe5 12. dxe5 Bf5 13. Bxf5 Nxf5 14.
Qc2 Nd4 15. Rfe1 c6 16. Re4 Nxf3+ 17. Nxf3 f5 18. Rh4 Qe8 19. Re1 Qg6 20. Nd4
Rae8 21. Qb3 Qg5 22. Nf3 Qe7 23. Rh5 Qb4 24. Qc2 g6 25. Rh4 Qe7 26. Qd2 Rf7 27.
Qh6 Rg7 28. Ng5 Nf6 29. h3 Nd5 30. a3 Nc7 31. Rb4 Nd5 32. Rd4 Qc5 33. Rh4 Qe7
34. b4 Nc7 35. e6 Nd5 36. Rd4 Nf6 37. Red1 Nd5 38. Rxd5 cxd5 39. Rxd5 Rd8 40.
Rc5 Rd1+ 41. Kh2 b6 42. Rc8+ Rd8 43. Rxd8+ Qxd8 44. Nf7 Qe7 1/2-1/2

[Event "SR 2. liga A 2003/2004"]
[Site "?"]
[Date "2004.01.25"]
[Round "7.7"]
[White "Karlik, Lubomir"]
[Black "Bilovsky, Milan"]
[Result "0-1"]
[WhiteElo "1903"]
[BlackElo "1870"]
[PlyCount "86"]
[EventDate "2003.??.??"]

1. d4 d5 2. c4 e6 3. Nc3 Nf6 4. Bg5 Be7 5. e3 O-O 6. Nf3 Nbd7 7. Rc1 b6 8. cxd5
exd5 9. Bd3 c5 10. O-O Bb7 11. Bb1 Rc8 12. Re1 Re8 13. Bf5 g6 14. Bh3 Ne4 15.
Bxd7 Qxd7 16. Nxe4 dxe4 17. Ne5 Qe6 18. Bxe7 Rxe7 19. Qg4 Qxg4 20. Nxg4 h5 21.
Ne5 Kg7 22. Rc3 b5 23. Rec1 f6 24. Nxg6 Kxg6 25. Rxc5 Rxc5 26. Rxc5 a6 27. h4
Re6 28. Rc7 Bd5 29. a3 Rc6 30. Rxc6 Bxc6 31. Kh2 Kf5 32. Kg3 a5 33. Kh3 Ke6 34.
Kg3 Kd5 35. Kf4 Bd7 36. f3 exf3 37. gxf3 Kc4 38. Ke4 Kb3 39. Kd5 Kxb2 40. e4
Kxa3 41. e5 fxe5 42. dxe5 b4 43. e6 Bxe6+ 0-1

[Event "SR 2. liga A 2003/2004"]
[Site "?"]
[Date "2004.01.25"]
[Round "7.7"]
[White "Krchnak, Rudolf"]
[Black "Palka, Miroslav"]
[Result "0-1"]
[WhiteElo "1809"]
[BlackElo "2055"]
[PlyCount "78"]
[EventDate "2003.??.??"]

1. d4 Nf6 2. Nc3 g6 3. e4 d6 4. f4 Bg7 5. Nf3 O-O 6. Be3 Ng4 7. Bg1 b6 8. h3
Nf6 9. Bd3 Bb7 10. Qe2 Nh5 11. Bh2 c5 12. d5 e6 13. O-O-O exd5 14. Nxd5 Bxd5
15. exd5 Qf6 16. c3 Nxf4 17. Bxf4 Qxf4+ 18. Kc2 Nd7 19. Qe7 Nf6 20. Rhe1 Nxd5
21. Qe4 Qf5 22. Qxf5 gxf5 23. Bxf5 Nf4 24. g3 Ng6 25. Rxd6 Rad8 26. Rxd8 Rxd8
27. h4 Bf6 28. h5 Ne7 29. Bd3 Kg7 30. g4 h6 31. Bc4 Nc6 32. Bb5 Rd6 33. Rd1
Rxd1 34. Kxd1 Ne7 35. Bc4 Nc8 36. Kc2 Nd6 37. Bd5 Bd8 38. Ne5 Bc7 39. Nc6 f5 {
time} 0-1

[Event "SR 2. liga A 2003/2004"]
[Site "?"]
[Date "2004.01.25"]
[Round "7.7"]
[White "Machalova, Erika"]
[Black "Puchart, Vladimir"]
[Result "0-1"]
[WhiteElo "1996"]
[BlackElo "2122"]
[PlyCount "88"]
[EventDate "2003.??.??"]

1. d4 Nf6 2. c4 e6 3. Nc3 d5 4. Bg5 Be7 5. Nf3 O-O 6. e3 h6 7. Bh4 b6 8. Bd3
Bb7 9. O-O Nbd7 10. Qc2 c5 11. Rfd1 cxd4 12. Nxd4 Rc8 13. cxd5 Nxd5 14. Bxe7
Qxe7 15. Nxd5 Bxd5 16. Qe2 Nc5 17. e4 Nxd3 18. Qxd3 Bc4 19. Qe3 Qb4 20. b3 Ba6
21. Rac1 Rfd8 22. Rxc8 Bxc8 23. e5 Bb7 24. h3 Qc5 25. Kh2 Qd5 26. f3 f6 27.
exf6 e5 28. fxg7 exd4 29. Qxh6 Qd6+ 30. Qxd6 Rxd6 31. f4 Ba6 32. f5 Be2 33. Rd2
d3 34. g4 Rc6 35. Kg3 Rc2 36. Rxd3 Bxd3 37. h4 Kxg7 38. Kf4 Rxa2 39. Kg5 Rf2
40. h5 a5 41. h6+ Kh7 42. Kf6 b5 43. Ke7 Bxf5 44. g5 Bc2 0-1

[Event "SR 2. liga A 2003/2004"]
[Site "?"]
[Date "2004.01.25"]
[Round "7.7"]
[White "Raczko, Peter"]
[Black "Peska, Juraj"]
[Result "1-0"]
[WhiteElo "2090"]
[BlackElo "1727"]
[PlyCount "109"]
[EventDate "2003.??.??"]

1. e4 c5 2. c3 Nc6 3. d4 d5 4. exd5 Qxd5 5. Nf3 Bg4 6. Be2 e6 7. Na3 cxd4 8.
Nb5 O-O-O 9. Nbxd4 Nxd4 10. cxd4 Bxf3 11. Bxf3 Bb4+ 12. Kf1 Qxd4 13. Qxd4 Rxd4
14. Be3 Rc4 15. Bxa7 Nf6 16. Be3 Rd8 17. Rc1 Rxc1+ 18. Bxc1 Ne4 19. Ke2 Nd2 20.
Bxb7+ Kxb7 21. Rd1 Ra8 22. Bxd2 Bxd2 23. Rxd2 Rxa2 24. Rd7+ Kc6 25. Rxf7 Rxb2+
26. Ke3 Rb7 27. Rxb7 Kxb7 28. Ke4 Kc6 29. Ke5 Kd7 30. h4 Ke7 31. g4 h6 32. f4
Kf7 33. h5 Ke7 34. g5 Kd7 35. gxh6 gxh6 36. Kf6 Kd6 37. Kg6 e5 38. f5 Ke7 39.
f6+ Kf8 40. Kf5 e4 41. Kxe4 Ke8 42. Kd5 Kf7 43. Ke5 Kf8 44. Ke4 Ke8 45. Kf4 Kf8
46. Ke5 Kf7 47. Kf5 Kf8 48. Kg6 Kg8 49. Kxh6 Kf7 50. Kg5 Kg8 51. Kg6 Kh8 52.
Kf7 Kh7 53. Ke7 Kg8 54. f7+ Kh7 55. h6 1-0

[Event "SR 2. liga A 2003/2004"]
[Site "?"]
[Date "2004.01.25"]
[Round "7.7"]
[White "Vrba, Michal"]
[Black "Bednar, Milan"]
[Result "0-1"]
[WhiteElo "1860"]
[BlackElo "2063"]
[PlyCount "40"]
[EventDate "2003.??.??"]

1. c4 e5 2. Nc3 Nc6 3. g3 g6 4. Bg2 Bg7 5. e3 Nf6 6. Nge2 a5 7. a3 Ne7 8. d4
exd4 9. Nxd4 d5 10. cxd5 Nexd5 11. Nxd5 Nxd5 12. O-O O-O 13. Qb3 Nf6 14. Bd2 c6
15. Rac1 Re8 16. h3 Ne4 17. Bc3 Qe7 18. Rfd1 Nxf2 19. Kxf2 Qxe3+ 20. Kf1 Bxd4
0-1

[Event "SR 2. liga A 2003/2004"]
[Site "?"]
[Date "2004.01.25"]
[Round "7.8"]
[White "Cambel, Vladimir"]
[Black "Milanov, Jasen"]
[Result "1-0"]
[WhiteElo "1800"]
[BlackElo "2046"]
[PlyCount "77"]
[EventDate "2003.??.??"]

1. c4 e6 2. Nf3 d5 3. g3 Nf6 4. Bg2 Be7 5. O-O O-O 6. Qc2 c5 7. d4 cxd4 8. Nxd4
Nc6 9. Nxc6 bxc6 10. Nc3 Bb7 11. Rd1 Qc7 12. b3 Ng4 13. h3 Nf6 14. e4 Rad8 15.
exd5 cxd5 16. Nb5 Qb6 17. Be3 Bc5 18. Bf4 Ra8 19. Rab1 Rfd8 20. Qe2 a6 21. Nc3
Bc6 22. b4 Be7 23. c5 Qb7 24. Re1 d4 25. Bxc6 Qxc6 26. Ne4 Nd5 27. Bd2 Rab8 28.
Qd3 e5 29. g4 Qg6 30. Qg3 f6 31. f4 exf4 32. Bxf4 Ne3 33. Bxb8 Qxe4 34. Bf4 Qc2
35. Bxe3 dxe3 36. Qxe3 Rd3 37. Qe6+ Kh8 38. Qc8+ Rd8 39. Qxd8+ 1-0

[Event "SR 2. liga A 2003/2004"]
[Site "?"]
[Date "2004.01.25"]
[Round "7.8"]
[White "Fratric, Igor"]
[Black "Priam, Stefan"]
[Result "0-1"]
[WhiteElo "1908"]
[BlackElo "1953"]
[PlyCount "42"]
[EventDate "2003.??.??"]

1. e4 e6 2. d3 d5 3. Nd2 c5 4. Ngf3 Nc6 5. g3 Nf6 6. Bg2 Be7 7. O-O O-O 8. Re1
d4 9. e5 Nd5 10. Ne4 f6 11. exf6 gxf6 12. Bh6 Rf7 13. Nh4 f5 14. c4 dxc3 15.
Nxc3 Nxc3 16. bxc3 Bxh4 17. gxh4 Qxh4 18. Be3 Rg7 19. Kh1 Ne5 20. Bf3 Qh3 21.
Bh5 b6 0-1

[Event "SR 2. liga A 2003/2004"]
[Site "?"]
[Date "2004.01.25"]
[Round "7.8"]
[White "Mosny, Jaroslav"]
[Black "Kundrak, Vladimir"]
[Result "1-0"]
[WhiteElo "2051"]
[BlackElo "1982"]
[PlyCount "87"]
[EventDate "2003.??.??"]

1. d4 Nf6 2. c4 g6 3. Nf3 Bg7 4. g3 O-O 5. Bg2 d6 6. O-O c6 7. Nc3 Nbd7 8. e4
e5 9. h3 Re8 10. Re1 Nf8 11. Be3 exd4 12. Nxd4 Ne6 13. Nde2 Nc5 14. Qc2 Qe7 15.
Bxc5 dxc5 16. Rad1 Be6 17. b3 Rad8 18. Rxd8 Rxd8 19. Rd1 Bc8 20. Rxd8+ Qxd8 21.
Qd1 Qxd1+ 22. Nxd1 Nd7 23. f4 Bd4+ 24. Kf1 Nf8 25. Nf2 Bf6 26. Nd3 Be7 27. Kf2
Ne6 28. Ke3 h5 29. Nf2 Bf8 30. e5 Be7 31. g4 Ng7 32. Bf3 hxg4 33. hxg4 Bd7 34.
Nc3 Ne6 35. Nd3 b6 36. Ne4 Kg7 37. f5 gxf5 38. gxf5 Bg5+ 39. Nxg5 Nxg5 40. Bg4
Kf8 41. Kf4 Nh7 42. e6 fxe6 43. fxe6 Bc8 44. e7+ 1-0

[Event "SR 2. liga A 2003/2004"]
[Site "?"]
[Date "2004.01.25"]
[Round "7.8"]
[White "Pribila, Michal"]
[Black "Pericka, Tomas"]
[Result "1-0"]
[WhiteElo "1903"]
[BlackElo "1870"]
[PlyCount "103"]
[EventDate "2003.??.??"]

1. e4 c5 2. Nf3 Nc6 3. d4 cxd4 4. Nxd4 g6 5. c4 Bg7 6. Be3 Nf6 7. Nc3 Ng4 8.
Nxc6 Nxe3 9. Nxd8 Nxd1 10. Nxf7 Bxc3+ 11. bxc3 Nxf2 12. Nxh8 Nxh1 13. c5 g5 14.
Bc4 e6 15. Ke2 b5 16. Bd3 Nf2 17. Kxf2 Kf8 18. Ke3 Kg8 19. Rf1 Kxh8 20. Rf8+
Kg7 21. Rd8 Rb8 22. Kd4 Kg6 23. e5+ Kg7 24. c6 dxc6 25. Be4 a5 26. Bxc6 b4 27.
Bd7 bxc3 28. Kxc3 Bxd7 29. Rxb8 Bc6 30. g3 Kg6 31. Rf8 Bd5 32. a3 a4 33. Kd4
Kh5 34. Kc5 Kg4 35. Rf6 h5 36. Rh6 h4 37. gxh4 gxh4 38. Kd4 Kh3 39. Ke3 Kg4 40.
Rf6 Kh3 41. Rf4 Bb3 42. Kf2 Bc2 43. Rd4 Bb3 44. Kg1 Bc4 45. Re4 Bb3 46. Rb4 Bc2
47. Rb6 Bb3 48. Ra6 Kg4 49. Kg2 Bd5+ 50. Kf2 Bb3 51. Ra8 Bd5 52. Rxa4+ 1-0

[Event "SR 2. liga A 2003/2004"]
[Site "?"]
[Date "2004.01.25"]
[Round "7.8"]
[White "Slamka, Michal"]
[Black "Dzavik, Jozef"]
[Result "0-1"]
[WhiteElo "1597"]
[BlackElo "1967"]
[PlyCount "93"]
[EventDate "2003.??.??"]

1. e4 e6 2. d4 d5 3. exd5 exd5 4. Bd3 Bd6 5. Nf3 h6 6. h3 Ne7 7. Nc3 Nbc6 8.
Ne2 Nb4 9. Bb5+ c6 10. Ba4 Bf5 11. a3 Na6 12. c3 Nc7 13. Bc2 Qd7 14. Bf4 Bxf4
15. Nxf4 O-O 16. Qd2 Qd6 17. O-O-O b5 18. Bxf5 Nxf5 19. g4 Ne7 20. g5 a5 21.
gxh6 Qxh6 22. Nd3 Qxd2+ 23. Kxd2 f6 24. h4 Kf7 25. Nh2 Nf5 26. Ng4 Ne6 27. Ne3
Nd6 28. b3 a4 29. b4 Rh8 30. Rdf1 Rh5 31. f4 Ne4+ 32. Kc2 Ng3 33. f5 Nc7 34.
Nf4 Nxf1 35. Rxf1 Rxh4 36. Nd3 Re8 37. Kd2 Rh2+ 38. Nf2 Re4 39. Kd3 Rf4 40.
Ned1 Rxf5 41. Ke2 Ne8 42. Rg1 Nd6 43. Rh1 Rxh1 44. Nxh1 Ne4 45. Nhf2 Nxf2 46.
Nxf2 Rxf2+ 47. Kxf2 0-1

[Event "SR 2. liga A 2003/2004"]
[Site "?"]
[Date "2004.01.25"]
[Round "7.8"]
[White "Vach, Pavol"]
[Black "Zak, Daniel"]
[Result "1-0"]
[WhiteElo "1916"]
[BlackElo "1718"]
[PlyCount "103"]
[EventDate "2003.??.??"]

1. d4 d5 2. c4 dxc4 3. e3 g6 4. Bxc4 Bg7 5. Nf3 Nf6 6. Nc3 O-O 7. O-O b6 8. e4
Bb7 9. Re1 e6 10. Bf4 c6 11. a3 b5 12. Bb3 Nbd7 13. Bd6 Re8 14. e5 Nd5 15. Ne4
h6 16. Rc1 Rc8 17. Bc5 Nxc5 18. dxc5 Re7 19. Nd6 Rb8 20. Nd4 Qf8 21. Nxb7 Rexb7
22. Nxc6 Rc8 23. Bxd5 exd5 24. Na5 Rbc7 25. b4 Rd8 26. Qd4 Qe7 27. Rcd1 Qg5 28.
f4 Qf5 29. g3 g5 30. Qd3 Qg4 31. f5 h5 32. Kg2 h4 33. h3 Qh5 34. g4 Qh8 35. f6
Bf8 36. Qf5 Qh6 37. Nb3 a6 38. Nd4 Re8 39. Nf3 a5 40. Rxd5 axb4 41. axb4 Ra7
42. Red1 Ra4 43. Rd8 Rxd8 44. Rxd8 Rxb4 45. e6 Rf4 46. e7 Rxf5 47. exf8=Q+ Qxf8
48. Rxf8+ Kxf8 49. gxf5 b4 50. Nd4 Ke8 51. Kf3 Kd7 52. Kg4 1-0

[Event "SR 2. liga A 2003/2004"]
[Site "?"]
[Date "2004.02.07"]
[Round "8.1"]
[White "Bisco, Igor"]
[Black "Meszaros, Michal"]
[Result "0-1"]
[WhiteElo "2187"]
[BlackElo "2317"]
[PlyCount "56"]
[EventDate "2003.??.??"]

1. e4 c5 2. Nf3 d6 3. d4 cxd4 4. Nxd4 Nf6 5. Nc3 a6 6. Bg5 e6 7. f4 Qb6 8. Qd2
Qxb2 9. Rb1 Qa3 10. Be2 Nc6 11. Nxc6 bxc6 12. O-O Be7 13. e5 dxe5 14. Bxf6 gxf6
15. Ne4 f5 16. fxe5 fxe4 17. Bh5 Rf8 18. Rxf7 Rxf7 19. Rf1 Bc5+ 20. Kh1 Raa7
21. Qf4 Kd8 22. Bxf7 Qe3 23. Qf6+ Re7 24. Bh5 Kc7 25. Rd1 Rd7 26. Rb1 Qf2 27.
Qh6 e3 28. Be8 e2 0-1

[Event "SR 2. liga A 2003/2004"]
[Site "?"]
[Date "2004.02.07"]
[Round "8.1"]
[White "Jablonicky, Frantisek"]
[Black "Kundrik, Peter"]
[Result "1-0"]
[WhiteElo "2215"]
[BlackElo "2163"]
[PlyCount "71"]
[EventDate "2003.??.??"]

1. Nf3 Nf6 2. d4 g6 3. c4 Bg7 4. g3 d6 5. Bg2 O-O 6. Nc3 Nbd7 7. O-O e5 8. h3
a5 9. e4 exd4 10. Nxd4 Nc5 11. Be3 Re8 12. Qc2 c6 13. Rfe1 Qc7 14. Rad1 Bd7 15.
g4 Rad8 16. a3 a4 17. f4 h6 18. Bf2 Nh7 19. Bg3 Qb6 20. Kh2 Bc8 21. Qf2 Qa5 22.
Qd2 Qa6 23. Bf1 Qa5 24. Bg2 Bf6 25. Re3 Nf8 26. Nd5 Qxd2 27. Nxf6+ Kh8 28. Rxd2
Re7 29. b4 axb3 30. Nxb3 Nxb3 31. Rxb3 Ne6 32. Rbd3 Nc5 33. Rxd6 Rxd6 34. Rxd6
Be6 35. Rd8+ Kg7 36. e5 1-0

[Event "SR 2. liga A 2003/2004"]
[Site "?"]
[Date "2004.02.07"]
[Round "8.1"]
[White "Oprea, Erik"]
[Black "Vlcek, Stanislav"]
[Result "0-1"]
[WhiteElo "2083"]
[BlackElo "2215"]
[PlyCount "70"]
[EventDate "2003.??.??"]

1. e4 c5 2. Nf3 d6 3. d4 cxd4 4. Nxd4 Nf6 5. Nc3 a6 6. Bg5 e6 7. Qd2 Nbd7 8. f3
h6 9. Be3 b5 10. a4 b4 11. Na2 d5 12. Nxb4 dxe4 13. O-O-O Qa5 14. c3 Bb7 15. b3
Rc8 16. Kb2 Be7 17. h4 O-O 18. Be2 Rfd8 19. Rh3 Bf8 20. f4 Nc5 21. g4 Nd3+ 22.
Nxd3 exd3 23. Bxd3 Ne4 24. Bxe4 Bxe4 25. Bf2 Qc5 26. Ra1 Rb8 27. Kc1 Qd5 28. b4
Qc4 29. Kb2 Bxb4 30. Kc1 Ba3+ 31. Kd1 Qf1+ 32. Be1 Qxh3 33. Rxa3 Qxg4+ 34. Qe2
Rxd4+ 35. cxd4 Rb1+ 0-1

[Event "SR 2. liga A 2003/2004"]
[Site "?"]
[Date "2004.02.07"]
[Round "8.1"]
[White "Plachetka, Jan"]
[Black "Kleman, Miroslav"]
[Result "1/2-1/2"]
[WhiteElo "2455"]
[BlackElo "2158"]
[PlyCount "75"]
[EventDate "2003.??.??"]

1. d4 d5 2. c4 c6 3. Nf3 Nf6 4. Nc3 a6 5. c5 Nbd7 6. Bf4 g6 7. e3 Nh5 8. Bg5
Bg7 9. Bd3 O-O 10. g4 Nhf6 11. h3 Ne8 12. Bh4 f6 13. b4 Qc7 14. Qb3 e5 15. e4
exd4 16. exd5 Qf4 17. dxc6+ Kh8 18. cxd7 Bxd7 19. Nxd4 Qxd4 20. O-O-O Bc6 21.
Be4 Qe5 22. Bg3 Qe7 23. Rhe1 Bh6+ 24. Kc2 Qg7 25. h4 Rc8 26. Qe6 Nc7 27. Qc4
Nb5 28. Nxb5 Bxb5 29. Qb3 b6 30. Bd6 bxc5 31. bxc5 Rfe8 32. Bd3 Rxe1 33. Rxe1
Qd7 34. Qe6 Rxc5+ 35. Bxc5 Qxd3+ 36. Kb2 Qd2+ 37. Kb3 Qd3+ 38. Kb2 1/2-1/2

[Event "SR 2. liga A 2003/2004"]
[Site "?"]
[Date "2004.02.07"]
[Round "8.1"]
[White "Provaznik, Michal"]
[Black "Tepper, Frantisek"]
[Result "1/2-1/2"]
[WhiteElo "2241"]
[BlackElo "2232"]
[PlyCount "57"]
[EventDate "2003.??.??"]

1. c4 Nf6 2. Nc3 e5 3. g3 Bb4 4. Bg2 O-O 5. Qc2 Re8 6. a3 Bf8 7. e3 c6 8. Nge2
d6 9. O-O Be6 10. b3 Qc8 11. Bb2 Bh3 12. f4 Bxg2 13. Kxg2 e4 14. h3 Nbd7 15. b4
d5 16. cxd5 cxd5 17. Rac1 Qc4 18. Nd4 Nb6 19. Qd1 Rac8 20. Nxe4 Nxe4 21. Rxc4
Nxc4 22. Bc1 a5 23. Qg4 axb4 24. axb4 Ncxd2 25. Bxd2 Nxd2 26. Re1 Bxb4 27. Nf5
g6 28. Nh6+ Kg7 29. f5 1/2-1/2

[Event "SR 2. liga A 2003/2004"]
[Site "?"]
[Date "2004.02.07"]
[Round "8.1"]
[White "Smolen, Jan"]
[Black "Rohacek, Miroslav"]
[Result "1/2-1/2"]
[WhiteElo "2256"]
[BlackElo "2178"]
[PlyCount "85"]
[EventDate "2003.??.??"]

1. e4 Nf6 2. Nc3 d5 3. e5 d4 4. exf6 dxc3 5. fxg7 cxd2+ 6. Qxd2 Qxd2+ 7. Bxd2
Bxg7 8. O-O-O Nc6 9. Bb5 Bd7 10. Nf3 O-O-O 11. Rhe1 e6 12. Ng5 Rhf8 13. f4 Nd4
14. Bc4 h6 15. Bc3 hxg5 16. Bxd4 Bxd4 17. Rxd4 c5 18. Rd2 gxf4 19. Re4 f3 20.
gxf3 Rg8 21. Rg4 Bc6 22. Rxg8 Rxg8 23. Rf2 Kd7 24. Kd2 Ke7 25. Ke3 Kf6 26. Bd3
Rg1 27. Be4 Bd5 28. a4 b6 29. Rd2 Re1+ 30. Re2 Ra1 31. b3 Rd1 32. Rd2 Rxd2 33.
Kxd2 Kg5 34. Ke3 Bxe4 35. Kxe4 f6 36. Ke3 Kf5 37. c3 Kg5 38. b4 cxb4 39. cxb4
Kh4 40. Kf2 Kh3 41. Kg1 Kh4 42. Kg2 e5 43. b5 1/2-1/2

[Event "SR 2. liga A 2003/2004"]
[Site "?"]
[Date "2004.02.07"]
[Round "8.2"]
[White "Dorica, Igor"]
[Black "Horak, Ivan"]
[Result "0-1"]
[WhiteElo "2248"]
[BlackElo "2198"]
[PlyCount "34"]
[EventDate "2003.??.??"]

1. d4 d5 2. c4 e6 3. Nc3 Nf6 4. Bg5 Be7 5. e3 Nbd7 6. Nf3 O-O 7. cxd5 exd5 8.
Bd3 c6 9. Qc2 Re8 10. O-O Ne4 11. Bf4 f5 12. h3 g6 13. Rfe1 Bf6 14. Rad1 Bg7
15. Bh2 Qa5 16. Rb1 a6 17. Nxd5 cxd5 0-1

[Event "SR 2. liga A 2003/2004"]
[Site "?"]
[Date "2004.02.07"]
[Round "8.2"]
[White "Hartl, Jan"]
[Black "Hudec, Jan"]
[Result "0-1"]
[WhiteElo "2165"]
[BlackElo "2117"]
[PlyCount "86"]
[EventDate "2003.??.??"]

1. e4 c5 2. Nf3 e6 3. d4 cxd4 4. Nxd4 a6 5. Be2 Nc6 6. O-O Qc7 7. c4 Nf6 8. Nc3
Ne5 9. Be3 Bb4 10. f4 Nxc4 11. Bxc4 Bxc3 12. Qe2 Bxb2 13. Rab1 Ba3 14. e5 Ne4
15. Qd3 d5 16. Bxd5 exd5 17. Qxa3 Qc5 18. Qd3 Qc4 19. Qa3 Qc5 20. Qb2 Qa5 21.
Ne2 O-O 22. Bb6 Qd2 23. Rfd1 Qxb2 24. Rxb2 Bg4 25. Ba5 b6 26. Be1 Rfd8 27. Rd3
Bxe2 28. Rxe2 h6 29. g4 Rac8 30. Kg2 Rc4 31. h3 Nc5 32. Rf3 Ne6 33. Ref2 g5 34.
f5 Nf4+ 35. Kh2 Re8 36. Bd2 Rxe5 37. Bxf4 Rxf4 38. Rxf4 gxf4 39. Rxf4 Re2+ 40.
Kg3 Rxa2 41. Rb4 b5 42. h4 Ra3+ 43. Kg2 Ra4 0-1